000 00757nam a22002657a 4500
003 UA-OsUOA
001 39648
007 ta
008 20080515b un ||||| |||| 00| 0 ukr d
100 _aГриневич Л.В.
700 _aПрилуцький В.І.
090 _a030
_bГ85
942 _cBK
040 _aUA-OsUOA
_bukr
_cUA-OsUOA
_dUA-OsUOA
245 _aУкраїна: хроніка ХХ століття
_bРік 1928 - 1929
300 _a315 с.
955 _a1
041 _aukr
080 _a030
020 _a966-02-3607-7
260 _aК.
_bІнститут історії України
_c2007
246 3 1 _aДовідкове видання
650 7 _a08 Видання. Колективні праці
_2UDC
999 _c438156
_d438156